000
00298 a2200145 4500
001
64481
020
_a
857368187x
040
_c
Anchieta - Pituba
100
_a
Ywata, Clara
240
1
0
_a
Medicina natural
_l
por
245
1
0
_a
Medicina natural
300
_a
544
650
4
_a
Medicina
942
_c
BK
999
_c
64481
_d
64481